| 000 | 02104nam0a2200397 i 4500 | ||
|---|---|---|---|
| 001 | RU\NLR\BIBL_A\010567596 | ||
| 005 | 20260409080627.0 | ||
| 010 |
_a9785742908036 _95000 |
||
| 021 |
_aRU _b2014-79729 _94867 |
||
| 035 | _a(NILC)RuMoRGB-007571030 | ||
| 035 | _a(NLR Aleph) 010567596 | ||
| 090 |
_a10410421 _c10410421 |
||
| 100 | _a20141217d2014 u y0rusy50 ca | ||
| 101 | 0 | _arus | |
| 102 | _aRU | ||
| 105 | _ay|||z|||000yy | ||
| 200 | 1 |
_aЧетвероевангелие _aАпостол _eруководство к изучению Священного Писания Нового Завета _fархиеп. Аверкий (Таушев) _g[Православ. Свято-Тихонов. гуманит. ун-т] |
|
| 210 |
_aМосква _cПравославный Свято-Тихоновский гуманитарный университет _d2014 |
||
| 215 |
_a840, [1] с. _d22 |
||
| 300 | _aНастоящий труд "Руководство к изучению Священного Писания Нового Завета" состоит из 2-х ч.: Четвероевангелия и Апостола | ||
| 320 | _aБиблиогр. в тексте предисл.: с. 5-6 и в осн. тексте | ||
| 500 |
_aБиблия _iН.З. _iЕвангелие _3RU\NLR\AUTH\553145 _92631082 |
||
| 500 |
_aБиблия _iН.З. _iДеяния апостолов _3RU\NLR\AUTH\559153 _92631193 |
||
| 500 |
_aБиблия _iН.З. _iПослания _3RU\NLR\AUTH\559205 _92631232 |
||
| 605 |
_aБиблия _iНовый Завет _xИсследование текста _91153960 _3RU\NLR\AUTH\66142780 |
||
| 605 |
_aБиблия. _iН. З. |
||
| 675 | _a27-277 | ||
| 686 | 2 | _aЭ37-220.2 | |
| 700 | 0 |
_8rus _7ca _aАверкий _cТаушев, Александр Павлович _cархиепископ Сиракузский и Троицкий _f1906-1976 _3RU\NLR\AUTH\778914 _9118793 |
|
| 801 | 0 |
_aRU _bRuMoRKP _c20131107 _gRCR |
|
| 801 | 2 |
_aRU _bРГБ _c20141021 _grcr |
|
| 942 | _cBOOK | ||
| 980 | _aNBR | ||